MacMillan Dictionary of the History of Science / (Record no. 9199)
[ view plain ]
| 000 -LEADER | |
|---|---|
| fixed length control field | 00428cam a2200169ua 4500 |
| 020 ## - INTERNATIONAL STANDARD BOOK NUMBER | |
| ISBN | 0-333-34901-6 |
| 082 ## - DEWEY DECIMAL CLASSIFICATION NUMBER | |
| Classification number | 509 |
| Item number | BYN/MA |
| 100 ## - MAIN ENTRY--AUTHOR NAME | |
| Personal name | . |
| 245 00 - TITLE STATEMENT | |
| Title | MacMillan Dictionary of the History of Science / |
| 250 ## - EDITION STATEMENT | |
| Edition statement | 1 / |
| 260 ## - PUBLICATION, DISTRIBUTION, ETC. (IMPRINT) | |
| Place of publication | London |
| Name of publisher | McMillon Press Ltd , |
| Year of publication | 1989. |
| 300 ## - PHYSICAL DESCRIPTION | |
| Number of Pages | 494 ; . |
| 700 1# - ADDED ENTRY--PERSONAL NAME | |
| Personal name | Bynum, W F |
| 700 1# - ADDED ENTRY--PERSONAL NAME | |
| Personal name | Browne, E J . |
| 700 1# - ADDED ENTRY--PERSONAL NAME | |
| Personal name | Porter, Roy . |
| 942 ## - ADDED ENTRY ELEMENTS (KOHA) | |
| Koha item type | Reference |
| Withdrawn status | Lost status | Damaged status | Collection code | Home library | Current library | Shelving location | Date acquired | Full call number | Accession Number | Koha item type |
|---|---|---|---|---|---|---|---|---|---|---|
| Reference | KAUAET | KAUAET | Reference | 07/04/2012 | 509.BYN/MA | 18417 | Reference |
